000 00305nam a22001337a 4500
008 181005b xxu||||| |||| 00| 0 eng d
020 _a0812690869
041 _aeng
080 _a316
100 _a50
101 _aSOC
245 _aAn Enquiry concerning Human Understanding
_cHume, D
942 _2udc
_cBK
999 _c48883
_d48883